000 00578cam a2200145 4500500
005 20260208002441.0
041 _afre
042 _adc
100 1 0 _aMasset, Claude
_eauthor
245 0 0 _aAnne Gonon & Christian Galan, eds, Le Monde comme horizon. État des sciences humaines et sociales au Japon, Arles, Philippe Picquier, 2008, 378 p., bibl., index
260 _c2011.
500 _a41
786 0 _nL'Homme | 198-199 | 2 | 2011-07-01 | p. 367zc-450zc | 0439-4216
856 4 1 _uhttps://shs.cairn.info/revue-l-homme-2011-2-page-367zc?lang=fr&redirect-ssocas=7080
999 _c1646423
_d1646423